Baltimore Ravens Quiz - Statistics

General Stats
  • This quiz has been taken 105 times
  • The average score is 11 of 15
Answer Stats
Hint Answer % Correct
Number of Super Bowl Wins 2
97%
Franchise leader in Passing Yards Joe Flacco
97%
Latest QB to win an MVP Lamar Jackson
97%
Biggest Rival Pittsburgh Steelers
97%
Number 52 Ray Lewis
96%
Division AFC North
93%
Coach of the 2nd SB Win John Harbaugh
88%
Mascot Poe
83%
Former Name Cleveland Browns
77%
Stadium M&T Bank Stadium
76%
First GM Ozzie Newsome
52%
Owner Steve Bisciotti
45%
Coach of the 1st SB Win Brian Billick
44%
Practice Facility Location Owings Mills
40%
Arguably the Ravens' most famous fan Michael Phelps
33%
No matching quizzes found
Score Distribution
Percent of People with Each Score
Percentile by Number Answered
Your Score History
You have not taken this quiz